000 00239nmm a2200085Ia 4500
008 220120s9999||||xx |||||||||||||||||und||
100 _aDigit
245 0 _aPlayware, elementary operating systems, Ubuntu 15.04, web an
260 _aNine dot Nine
999 _c139970
_d139970